000 00731nam a2200217Ii 4500
003 JO-AjNU
008 230605s9999||||xx |||||||||||||| ||und||
017 _a1985/8/329
040 _aJO-AjNU
_bara
_erda
_cJO-AjNU
041 _aara
050 1 4 _aHF5387.R372.1985
100 3 _aعبد الحميد، رشيد/محمود الحياري,
_eauthor
_942445
245 0 0 _aاخلاقيات المهنة
250 _aط2
264 3 1 _aعمان:الؤلفين؛1985
300 _a190ص
_bيحتوي على ببلوغرافية من ص185-190ص
336 _atext
_btxt
_2rdacontent
337 _aunmediated
_bn
_2rdamedia
338 _avolume
_bnc
_2rdacarrier
650 4 _aادارة الاعمال-المهن-الاخلاق
_942446
999 _aA18175
_c21743
_d21743